Biblioteka Instytutu Północnego w Olsztynie

Widok standardowy Widok MARC

Pozycja Topical Term

Liczba rekordów, w których użyto hasła: 1

001 - Numer kontrolny

  • control field: 41025

003 - Identyfikator numeru kontrolnego

  • control field: NUKAT

005 - Data i czas ostatniej modyfikacji

  • control field: 20260430130615.0

008 - Dane kontrolne kodowane (40 znaków)

  • fixed length control field: 201026n||azznnbabn |a ana |c

010 ## - Numer kontrolny Biblioteki Kongresu

  • numer kontrolny LC: p 2020136908

035 ## - Numer systemowy

  • numer systemowy: (PL)a1000000829988

040 ## - Instytucja sporządzająca rekord

  • inst. przygot. dane do rek. khw: WA N
  • język haseł przedmiotowych/tezaurus: DBN
  • inst. wprow. rek. khw: WA N

072 ## - Kod kategorii przedmiotu

  • kod kategorii przedmiotu: 18

072 ## - Kod kategorii przedmiotu

  • kod kategorii przedmiotu: 23

072 ## - Kod kategorii przedmiotu

  • kod kategorii przedmiotu: 31

150 ## - Hasło - nazwa pospolita

  • nazwa posp. lub nazwa geogr. na pocz.: Kultura studencka

450 ## - Trop zob. - nazwa pospolita

  • nazwa posp. lub nazwa geogr. na pocz.: Studencka, kultura

450 ## - Trop zob. - nazwa pospolita

  • nazwa posp. lub nazwa geogr. na pocz.: Students' culture

550 ## - Trop zob. też - nazwa pospolita

  • podpole kontrolne: g
  • nazwa posp. lub nazwa geogr. na pocz.: Kultura

550 ## - Trop zob. też - nazwa pospolita

  • nazwa posp. lub nazwa geogr. na pocz.: Chóry akademickie

550 ## - Trop zob. też - nazwa pospolita

  • nazwa posp. lub nazwa geogr. na pocz.: Juwenalia

550 ## - Trop zob. też - nazwa pospolita

  • nazwa posp. lub nazwa geogr. na pocz.: Kluby studenckie

550 ## - Trop zob. też - nazwa pospolita

  • nazwa posp. lub nazwa geogr. na pocz.: Organizacje studenckie

550 ## - Trop zob. też - nazwa pospolita

  • nazwa posp. lub nazwa geogr. na pocz.: Radio studenckie

550 ## - Trop zob. też - nazwa pospolita

  • nazwa posp. lub nazwa geogr. na pocz.: Studentki i studenci

555 ## - Trop zob. też - nazwa rodz. lub formalna

  • nazwa rodzajowa/formalna: Czasopismo studenckie

555 ## - Trop zob. też - nazwa rodz. lub formalna

  • nazwa rodzajowa/formalna: Pieśń i piosenka studencka

555 ## - Trop zob. też - nazwa rodz. lub formalna

  • nazwa rodzajowa/formalna: Teatr studencki
Biblioteka Instytutu Północnego, ul. Partyzantów 87, 10-402 Olsztyn, email: biblioteka(at)ip.olsztyn.pl